[Event "Minsk op"]
[Site "Minsk"]
[Date "2023.11.04"]
[Round "2"]
[White "Stotskaja, Elena"]
[Black "Lintchevski, Daniil"]
[Result "0-1"]
[WhiteElo "1918"]
[BlackElo "2542"]
[PlyCount "64"]
[EventDate "2023.11.03"]
[EventType "swiss"]
[EventRounds "9"]
[EventCountry "BLR"]
[SourceTitle "CB46_2023"]
[SourceDate "2023.11.15"]
[SourceVersion "1"]
[SourceVersionDate "2023.11.15"]
[SourceQuality "1"]

1. Nf3 c5 2. g3 Nc6 3. Bg2 g6 4. d3 Bg7 5. Nbd2 Nf6 6. e4 d6 7. 0-0 0-0 8. c3 e5 9. Nc4 h6 10. Qc2 Be6 11. Ne3 d5 12. Rd1 d4 13. Nf1 Ne8 14. Qe2 Nd6 15. h3 Qd7 16. Kh2 Rae8 17. g4 f5 18. gxf5 gxf5 19. Ng3 fxe4 20. dxe4 Qf7 21. b3 c4 22. Ba3 Nb5 23. cxd4 Ncxd4 24. Nxd4 Nxd4 25. Qf1 c3 26. Bxf8 Bxf8 27. Rd3 c2 28. f4 exf4 29. Rxd4 fxg3+ 30. Kh1 Qxf1+ 31. Rxf1 Rc8 32. Rc1 Ba3 0-1

[Event "RUS-chT Rapid"]
[Site "Sochi"]
[Date "2023.10.18"]
[Round "4.10"]
[White "Lintchevski, Daniil"]
[Black "Tsydypov, Zhamsaran"]
[Result "1/2-1/2"]
[WhiteElo "2542"]
[BlackElo "2548"]
[PlyCount "198"]
[EventDate "2023.10.18"]
[EventType "team-swiss (rapid)"]
[EventRounds "9"]
[EventCountry "RUS"]
[SourceTitle "Mega2024 Update 01"]
[Source "Chessbase"]
[SourceDate "2023.11.12"]
[SourceVersion "1"]
[SourceVersionDate "2023.11.12"]
[SourceQuality "1"]
[WhiteTeam "St Petersburg SShOR"]
[BlackTeam "Tatarstan Ladya"]
[WhiteTeamCountry "RUS"]
[BlackTeamCountry "RUS"]

1. e4 c5 2. Nf3 d6 3. d4 cxd4 4. Nxd4 Nf6 5. Nc3 a6 6. g3 e6 7. Bg2 Be7 8. 0-0 Qc7 9. Be3 0-0 10. Qe2 Nc6 11. Nxc6 bxc6 12. Na4 Rb8 13. c4 c5 14. Rad1 Bb7 15. Nc3 Bc6 16. Rd2 Nd7 17. Rfd1 Rfd8 18. f4 Qb7 19. b3 Qc7 20. Rd3 a5 21. Qc2 e5 22. f5 a4 23. bxa4 Rb4 24. Nb5 Bxb5 25. axb5 Nb6 26. Rc3 Ra8 27. a3 Rba4 28. Bc1 Qd8 29. h4 Qe8 30. Bf1 Kh8 31. Kg2 f6 32. Be2 g6 33. Rf1 Qf7 34. fxg6 Qxg6 35. Rf5 Rg8 36. h5 Qg7 37. h6 Qf7 38. Qd3 Qe6 39. Bd1 Ra7 40. Bb3 Bf8 41. Qf3 Rg6 42. Qh5 Be7 43. Kh2 Qg8 44. Kh3 Qe6 45. Kh2 Ra8 46. Qe2 Qg8 47. Bd1 Qe6 48. Bb3 Bf8 49. Qh5 Ra7 50. g4 Be7 51. Rcf3 Ra8 52. Rg3 Bf8 53. Rf2 Be7 54. Qf5 Qg8 55. a4 Nxa4 56. Qd7 Bf8 57. Bxa4 Rxa4 58. b6 Rb4 59. b7 Bxh6 60. Ra2 Bxc1 61. Ra8 Bf4 62. Rxg8+ Rxg8 63. Qf7 h5 64. Qxf6+ Rg7 65. Qf8+ Kh7 66. Qf5+ Kg8 67. Qc8+ Kh7 68. Qf5+ Kg8 69. Qc8+ Kh7 70. Kh3 Rbxb7 71. Qf5+ Kh8 72. Qf8+ Kh7 73. Qf5+ Kh8 74. g5 Bxg3 75. g6 Bf4 76. Qc8+ Rg8 77. Qxb7 Rxg6 78. Qf7 Rg1 79. Qf6+ Kh7 80. Qe7+ Kh8 81. Qxd6 Rh1+ 82. Kg2 Rh2+ 83. Kf3 Rh3+ 84. Ke2 Rh2+ 85. Kf3 Rh3+ 86. Kg2 Rh2+ 87. Kg1 h4 88. Qxc5 h3 89. Qf8+ Kh7 90. Qf7+ Kh8 91. Qf6+ Kh7 92. Qf5+ Kg7 93. c5 Rg2+ 94. Kf1 Rg3 95. Qd7+ Kh6 96. Qe6+ Kh7 97. Qf5+ Kg7 98. Qd7+ Kh6 99. Qe6+ Kg7 1/2-1/2

[Event "RUS-chT Blitz"]
[Site "Sochi"]
[Date "2023.10.17"]
[Round "7.26"]
[White "Galaktionov, Artem"]
[Black "Lintchevski, Daniil"]
[Result "1/2-1/2"]
[WhiteElo "2315"]
[BlackElo "2542"]
[PlyCount "167"]
[EventDate "2023.10.17"]
[EventType "team-swiss (blitz)"]
[EventRounds "13"]
[EventCountry "RUS"]
[SourceTitle "Mega2024 Update 01"]
[Source "Chessbase"]
[SourceDate "2023.11.12"]
[SourceVersion "1"]
[SourceVersionDate "2023.11.12"]
[SourceQuality "1"]
[WhiteTeam "Moscow Temus Tim"]
[BlackTeam "St Petersburg SShOR"]
[WhiteTeamCountry "RUS"]
[BlackTeamCountry "RUS"]

1. d4 d5 2. c4 dxc4 3. e3 e6 4. Bxc4 Nf6 5. Nf3 c5 6. 0-0 a6 7. dxc5 Bxc5 8. Qxd8+ Kxd8 9. Rd1+ Ke7 10. Nbd2 Bd7 11. Be2 Bb5 12. Nc4 Nc6 13. Bd2 Rhd8 14. Kf1 Rac8 15. Rac1 Ne4 16. Be1 Rxd1 17. Rxd1 Bb4 18. a3 Bxe1 19. Kxe1 Bxc4 20. Bxc4 Nd6 21. Bd3 h6 22. Rc1 Na7 23. Rxc8 Naxc8 24. Kd2 f6 25. Kc3 e5 26. Nd2 Na7 27. Kb4 Kd7 28. Kc5 Nac8 29. Nc4 Nxc4 30. Bxc4 b6+ 31. Kb4 a5+ 32. Kc3 Kc6 33. b4 Nd6 34. Bd3 g5 35. Kb3 f5 36. Ka4 axb4 37. Kxb4 f4 38. e4 h5 39. f3 g4 40. Bc4 gxf3 41. gxf3 h4 42. Bd5+ Kc7 43. Be6 Ne8 44. Kc4 Kd6 45. Bf7 Nc7 46. Bg8 b5+ 47. Kb4 Kc6 48. Ka5 Kc5 49. Bf7 Na8 50. Be8 Kd4 51. Kxb5 Nc7+ 52. Kc6 Nxe8 53. a4 Ke3 54. a5 Kxf3 55. a6 Kg2 56. a7 f3 57. a8Q f2 58. Qxe8 f1Q 59. Qxe5 Qf3 60. Qg5+ Kh3 61. Qf5+ Qg4 62. Kd5 Qxf5+ 63. exf5 Kxh2 64. f6 h3 65. f7 Kg2 66. f8Q h2 67. Qg7+ Kh1 68. Qh6 Kg1 69. Qc1+ Kg2 70. Qd2+ Kg1 71. Qe1+ Kg2 72. Qe2+ Kg1 73. Qg4+ Kh1 74. Qh4 Kg2 75. Qg5+ Kh1 76. Qd2 Kg1 77. Qd4+ Kg2 78. Qe4+ Kg1 79. Qe1+ Kg2 80. Qe2+ Kg1 81. Qe1+ Kg2 82. Qd2+ Kg1 83. Qg5+ Kh1 84. Qg4 1/2-1/2

[Event "RUS-chT Blitz"]
[Site "Sochi"]
[Date "2023.10.17"]
[Round "4.10"]
[White "Lintchevski, Daniil"]
[Black "Kezin, Roman"]
[Result "0-1"]
[WhiteElo "2542"]
[BlackElo "2505"]
[PlyCount "132"]
[EventDate "2023.10.17"]
[EventType "team-swiss (blitz)"]
[EventRounds "13"]
[EventCountry "RUS"]
[SourceTitle "Mega2024 Update 01"]
[Source "Chessbase"]
[SourceDate "2023.11.12"]
[SourceVersion "1"]
[SourceVersionDate "2023.11.12"]
[SourceQuality "1"]
[WhiteTeam "St Petersburg SShOR"]
[BlackTeam "Novosibirsk Region"]
[WhiteTeamCountry "RUS"]
[BlackTeamCountry "RUS"]

1. e4 c5 2. Nf3 e6 3. c3 d5 4. exd5 exd5 5. d4 Nc6 6. Bb5 Bd6 7. dxc5 Bxc5 8. 0-0 Nf6 9. Re1+ Be6 10. Be3 Bxe3 11. Rxe3 0-0 12. h3 Qb6 13. Na3 a6 14. Bxc6 bxc6 15. b3 c5 16. Nc2 a5 17. Qe1 h6 18. Rd1 Bf5 19. Qe2 a4 20. b4 Bxc2 21. Qxc2 cxb4 22. cxb4 Qxb4 23. Rd4 Qb5 24. Qd3 Qb6 25. Ne5 Rfc8 26. Re1 Qb2 27. Re2 Qa1+ 28. Kh2 Rc3 29. Qd2 Rc1 30. Rxd5 Nh5 31. g3 Rh1+ 32. Kg2 Qf1+ 33. Kf3 Rxh3 34. Ke3 Nxg3 35. Rd8+ Kh7 36. Nf3 Qxe2+ 37. Qxe2 Nxe2 38. Rxa8 Ng1 39. Kf4 Rxf3+ 40. Ke4 Ra3 41. f4 Rxa2 42. f5 Nh3 43. f6 Ng5+ 44. Kf5 gxf6 45. Ra7 Kg7 46. Rxa4 Rf2+ 47. Kg4 Kg6 48. Kg3 Rf3+ 49. Kg2 Rf5 50. Ra8 Re5 51. Kg3 Kf5 52. Ra1 h5 53. Kh4 Kg6 54. Kg3 Re4 55. Ra5 h4+ 56. Kg2 Kh5 57. Ra2 Rf4 58. Kh2 h3 59. Kg3 Rf3+ 60. Kh2 Kg4 61. Rb2 Ne4 62. Rb4 f5 63. Rb1 Rf2+ 64. Kg1 Rg2+ 65. Kf1 Nd2+ 66. Ke1 Nxb1 0-1

[Event "RUS-ch Blitz"]
[Site "Sochi"]
[Date "2023.10.14"]
[Round "8"]
[White "Zablotsky, Sergei"]
[Black "Lintchevski, Daniil"]
[Result "0-1"]
[WhiteElo "2464"]
[BlackElo "2542"]
[PlyCount "27"]
[EventDate "2023.10.14"]
[EventType "swiss (blitz)"]
[EventRounds "13"]
[EventCountry "RUS"]
[SourceTitle "Mega2024 Update 01"]
[Source "Chessbase"]
[SourceDate "2023.11.12"]
[SourceVersion "1"]
[SourceVersionDate "2023.11.12"]
[SourceQuality "1"]

1. Nf3 d5 2. g3 c6 3. Bg2 Bg4 4. h3 Bh5 5. c4 e6 6. 0-0 Nf6 7. d4 Be7 8. cxd5 Bxf3 9. Bxf3 cxd5 10. Qb3 Qd7 11. Nc3 0-0 12. Bf4 Rc8 13. e4 dxe4 14. Nxe4 0-1

[Event "Sochi Pearl Blitz op"]
[Site "Sochi"]
[Date "2023.10.12"]
[Round "9"]
[White "Lintchevski, Daniil"]
[Black "Zakaryan, David"]
[Result "1/2-1/2"]
[WhiteElo "2542"]
[BlackElo "2307"]
[PlyCount "29"]
[EventDate "2023.10.12"]
[EventType "swiss (blitz)"]
[EventRounds "13"]
[EventCountry "RUS"]
[SourceTitle "Mega2024 Update 01"]
[Source "Chessbase"]
[SourceDate "2023.11.12"]
[SourceVersion "1"]
[SourceVersionDate "2023.11.12"]
[SourceQuality "1"]

1. e4 e5 2. Nf3 Nc6 3. d4 exd4 4. Nxd4 Nf6 5. Nc3 Bb4 6. Nxc6 bxc6 7. Bd3 d5 8. exd5 0-0 9. 0-0 Bg4 10. f3 Bh5 11. Bg5 Qd6 12. Qe1 Bg6 13. Bxg6 hxg6 14. Bxf6 Qxf6 15. dxc6 1/2-1/2

[Event "Sochi Pearl Blitz op"]
[Site "Sochi"]
[Date "2023.10.12"]
[Round "10"]
[White "Vlasenko, Miroslav"]
[Black "Lintchevski, Daniil"]
[Result "0-1"]
[WhiteElo "2371"]
[BlackElo "2542"]
[PlyCount "96"]
[EventDate "2023.10.12"]
[EventType "swiss (blitz)"]
[EventRounds "13"]
[EventCountry "RUS"]
[SourceTitle "Mega2024 Update 01"]
[Source "Chessbase"]
[SourceDate "2023.11.12"]
[SourceVersion "1"]
[SourceVersionDate "2023.11.12"]
[SourceQuality "1"]

1. d4 d5 2. Bf4 Nf6 3. e3 c5 4. Nf3 Nc6 5. Nbd2 Nh5 6. Be5 e6 7. Bb5 Bd7 8. c4 cxd4 9. exd4 dxc4 10. 0-0 Be7 11. Nxc4 Nxe5 12. Nfxe5 Bxb5 13. Qxh5 0-0 14. Rfd1 g6 15. Qf3 Qd5 16. Qxd5 exd5 17. Ne3 Rfd8 18. Rac1 f6 19. Nd3 Bc6 20. Nc5 Kf7 21. Re1 Rac8 22. a3 b6 23. Nd3 Bb7 24. Rxc8 Rxc8 25. Rc1 Rxc1+ 26. Nxc1 Bd6 27. Ne2 Ke6 28. f4 Ba6 29. Nc3 Bxf4 30. Ncxd5 Bd6 31. Nc3 f5 32. h3 f4 33. Ng4 Bf8 34. Ne5 Bb7 35. Ne2 g5 36. Nf3 h6 37. Kf2 Bg7 38. g3 fxg3+ 39. Kxg3 Kf5 40. Nd2 Ba6 41. Nc3 Bxd4 42. Nf3 Bf6 43. Nd5 Bxb2 44. a4 Bb7 45. Ne7+ Ke6 46. Ng8 Bg7 47. h4 gxh4+ 48. Nxh4 Kf7 0-1

[Event "Sochi Pearl Rapid op"]
[Site "Sochi"]
[Date "2023.10.09"]
[Round "3"]
[White "Babanin, Gleb"]
[Black "Lintchevski, Daniil"]
[Result "1/2-1/2"]
[WhiteElo "2163"]
[BlackElo "2542"]
[PlyCount "85"]
[EventDate "2023.10.09"]
[EventType "swiss (rapid)"]
[EventRounds "11"]
[EventCountry "RUS"]
[SourceTitle "Mega2024 Update 01"]
[Source "Chessbase"]
[SourceDate "2023.11.12"]
[SourceVersion "1"]
[SourceVersionDate "2023.11.12"]
[SourceQuality "1"]

1. e4 e6 2. d4 d5 3. e5 c5 4. c3 Nc6 5. Nf3 Bd7 6. a3 Nge7 7. Bd3 cxd4 8. cxd4 Nf5 9. Bxf5 exf5 10. Nc3 Be6 11. h4 h6 12. Be3 Be7 13. b4 Rc8 14. Na4 0-0 15. Qd2 Re8 16. Bf4 b6 17. Nb2 a5 18. Nd3 axb4 19. axb4 Qd7 20. 0-0 Ra8 21. h5 Bf8 22. Rfb1 Rec8 23. Qb2 Rxa1 24. Rxa1 Na7 25. Bd2 Nb5 26. Nf4 Qb7 27. g3 Be7 28. Ra4 Bd7 29. Ra1 Rc4 30. Qa2 Bc6 31. e6 fxe6 32. Nxe6 Bf6 33. Qb2 Qf7 34. Re1 Bd7 35. Nf4 Nxd4 36. Nxd4 Bxd4 37. Qa2 Bf6 38. Qa8+ Rc8 39. Qxd5 Bg5 40. Qd6 Bxf4 41. Bxf4 Bc6 42. Re7 Qd5 43. Rxg7+ 1/2-1/2

[Event "Satka Autumn"]
[Site "Satka"]
[Date "2023.09.05"]
[Round "8"]
[White "Afanasiev, Nikita"]
[Black "Lintchevski, Daniil"]
[Result "1/2-1/2"]
[WhiteElo "2537"]
[BlackElo "2552"]
[PlyCount "81"]
[EventDate "2023.08.29"]
[EventType "swiss"]
[EventRounds "9"]
[EventCountry "RUS"]
[SourceTitle "EXT 2024"]
[Source "ChessBase"]
[SourceDate "2023.10.10"]
[SourceVersion "1"]
[SourceVersionDate "2023.10.10"]
[SourceQuality "1"]

1. c4 e6 2. Nc3 d5 3. d4 Nf6 4. cxd5 exd5 5. Bg5 c6 6. Qc2 Be7 7. e3 0-0 8. Bd3 h6 9. Bh4 Re8 10. Nge2 Nbd7 11. f3 b5 12. 0-0 Bb7 13. Bf2 a6 14. Rad1 c5 15. dxc5 Bxc5 16. Nd4 Rc8 17. Qb1 Ne5 18. Nce2 Nxd3 19. Qxd3 Nd7 20. b3 Nf8 21. Nf4 Ne6 22. Qd2 Qf6 23. Nfe2 Bxd4 24. Nxd4 Nxd4 25. exd4 Qg6 26. Rc1 Rxc1 27. Rxc1 Rc8 28. h4 Rxc1+ 29. Qxc1 Qc6 30. Qc5 Qxc5 31. dxc5 h5 32. Bd4 f6 33. Kf2 Kf7 34. g4 g6 35. Ke3 Ke6 36. gxh5 gxh5 37. b4 Bc6 38. a3 Bb7 39. Kf4 Bc6 40. Ke3 Kf5 41. Ke2 1/2-1/2

[Event "Satka Autumn"]
[Site "Satka"]
[Date "2023.09.03"]
[Round "6"]
[White "Bocharov, Dmitry"]
[Black "Lintchevski, Daniil"]
[Result "1-0"]
[WhiteElo "2521"]
[BlackElo "2552"]
[PlyCount "221"]
[EventDate "2023.08.29"]
[EventType "swiss"]
[EventRounds "9"]
[EventCountry "RUS"]
[SourceTitle "EXT 2024"]
[Source "ChessBase"]
[SourceDate "2023.10.10"]
[SourceVersion "1"]
[SourceVersionDate "2023.10.10"]
[SourceQuality "1"]

1. c4 e6 2. Nc3 d5 3. d4 Nf6 4. cxd5 exd5 5. Bg5 c6 6. Qc2 Be7 7. e3 0-0 8. Bd3 h6 9. Bh4 Ne8 10. Bg3 Nd6 11. Nge2 Re8 12. 0-0 Bf8 13. b4 Na6 14. a3 Nc4 15. Bxc4 dxc4 16. b5 cxb5 17. Nxb5 Bg4 18. h3 Qd7 19. hxg4 Qxb5 20. Rfb1 Qc6 21. Nc3 Nc7 22. Qf5 Red8 23. Bxc7 Qxc7 24. a4 a5 25. Rb5 Bb4 26. Nd5 Rxd5 27. Qxd5 Rb8 28. Rc1 c3 29. Qe5 Bd6 30. Qe4 b6 31. g5 hxg5 32. Rxg5 Rc8 33. Rb5 Bf8 34. Qc2 Ba3 35. Rd1 Bb4 36. e4 Rd8 37. e5 Re8 38. Rd3 g6 39. Re3 Kg7 40. Re4 Rh8 41. d5 Rh5 42. d6 Qd8 43. e6 Qxd6 44. Rxh5 gxh5 45. e7 Qd2 46. Qxd2 cxd2 47. Rd4 Bxe7 48. Rxd2 Kf6 49. Rd5 h4 50. Kf1 Kg6 51. Ke2 f5 52. f4 Kf6 53. Kd3 Ke6 54. Re5+ Kf6 55. Rd5 Ke6 56. Re5+ Kf6 57. Ke3 Bc5+ 58. Kf3 Be7 59. Re1 Kf7 60. Rh1 Ke6 61. Re1+ Kf7 62. Ke3 Bc5+ 63. Kd3 Bd6 64. Rb1 Bc7 65. Kd4 Kf6 66. Kd5 Bxf4 67. Rxb6+ Kg5 68. Kd4 Bd2 69. Kd3 Be1 70. Ke2 Bc3 71. Kf3 Bd2 72. Rc6 Be1 73. Rd6 Bc3 74. Rd5 Be1 75. Rd8 Bb4 76. Rg8+ Kf6 77. Ke3 Bc5+ 78. Kd3 Bf2 79. Rf8+ Kg5 80. Rb8 Kf4 81. Ke2 Bd4 82. Rc8 Kg3 83. Kf1 Kf4 84. Ra8 Bc3 85. Ke2 Bb4 86. Rd8 Kg3 87. Kf1 Kf4 88. Rd4+ Kg3 89. Rd3+ Kg4 90. Ke2 Bc5 91. Rd5 Bb4 92. Rd4+ Kg5 93. Rc4 Bd6 94. Ke3 Bb4 95. Rc8 Be1 96. Rg8+ Kf6 97. Kd4 Bb4 98. Kd5 Ba3 99. Rb8 Bb4 100. Rb5 Be1 101. Rc5 Bd2 102. Rc8 Bb4 103. Rh8 Kg5 104. Rg8+ Kf4 105. Ke6 Be1 106. Rg6 Ke4 107. Rg5 Kd4 108. Rxf5 Kc4 109. Rf4+ Kb3 110. Kd5 Bb4 111. Ke4 1-0